Studies in the Bengal renaissance / (Record no. 135491)
[ view plain ]
| 000 -LEADER | |
|---|---|
| fixed length control field | 00714nam a22002297a 4500 |
| 005 - DATE AND TIME OF LATEST TRANSACTION | |
| control field | 20170124110245.0 |
| 010 ## - LIBRARY OF CONGRESS CONTROL NUMBER | |
| LC control number | B-211133 |
| 020 ## - INTERNATIONAL STANDARD BOOK NUMBER | |
| Terms of availability | 250.00 |
| 035 ## - SYSTEM CONTROL NUMBER | |
| System control number | B-211133 |
| 037 ## - SOURCE OF ACQUISITION | |
| Source of stock number/acquisition | Cen Lib/Ret |
| 040 ## - CATALOGING SOURCE | |
| Original cataloging agency | DPL |
| Language of cataloging | EN |
| 082 ## - DEWEY DECIMAL CLASSIFICATION NUMBER | |
| Classification number | 954.08 |
| Item number | STU |
| 110 ## - MAIN ENTRY--CORPORATE NAME | |
| Corporate name or jurisdiction name as entry element | Bengal.National Council of Education |
| 9 (RLIN) | 97392 |
| 245 ## - TITLE STATEMENT | |
| Title | Studies in the Bengal renaissance / |
| 250 ## - EDITION STATEMENT | |
| Edition statement | 3rd rev.ed. |
| 260 ## - PUBLICATION, DISTRIBUTION, ETC. (IMPRINT) | |
| Place of publication, distribution, etc | Bengal |
| Name of publisher, distributor, etc | National Council of Education |
| Date of publication, distribution, etc | 2002 |
| 270 ## - ADDRESS | |
| Address | Raja Subodh Chandra, Mullick Road, Jadavpur |
| City | Bengal |
| Postal code | 700 032 |
| 300 ## - PHYSICAL DESCRIPTION | |
| Extent | xxiv,532p. |
| Dimensions | 20cm(Hb) |
| 650 ## - SUBJECT ADDED ENTRY--TOPICAL TERM | |
| Topical term or geographic name as entry element | Bengal (India) -- Intellectual life. |
| 9 (RLIN) | 97393 |
| 650 ## - SUBJECT ADDED ENTRY--TOPICAL TERM | |
| Topical term or geographic name as entry element | Intellectual life. |
| 9 (RLIN) | 31568 |
| 942 ## - ADDED ENTRY ELEMENTS (KOHA) | |
| Source of classification or shelving scheme | Dewey Decimal Classification |
| Koha item type | English Books |
| Classification part | 954.08 |
| Call number suffix | STU |
| Withdrawn status | Lost status | Damaged status | Not for loan | Home library | Current library | Date acquired | Source of acquisition | Cost, normal purchase price | Total Checkouts | Full call number | Barcode | Checked out | Date last seen | Date checked out | Copy number | Cost, replacement price | Price effective from | Koha item type |
|---|---|---|---|---|---|---|---|---|---|---|---|---|---|---|---|---|---|---|
| Central Library | Central Library | 06/10/2015 | Cen Lib/Ret | 250.00 | 1 | 954.08 STU | B-211133 | 31/07/2017 | 17/07/2017 | 17/07/2017 | 1 | 250.00 | 06/10/2015 | English Books |
